[Event "Ruhrgebiet Verbandsklasse Gruppe 1 1819"]
[Site "Nordrheinwestfalen"]
[Date "2019.03.24"]
[Round "8.4"]
[White "Funke, Eckhard"]
[Black "Weinert, Christian"]
[Result "1/2-1/2"]
[WhiteElo "1814"]
[BlackElo "1979"]
[PlyCount "90"]
[EventDate "2018.09.23"]
[EventType "team-tourn"]
[EventRounds "9"]
[EventCountry "GER"]
[SourceTitle "EXT 2022"]
[Source "ChessBase"]
[SourceDate "2021.10.06"]
[SourceVersion "1"]
[SourceVersionDate "2021.10.06"]
[SourceQuality "1"]
[WhiteTeam "Guennigfeld SV"]
[BlackTeam "Mengede SG"]
[WhiteTeamCountry "GER"]
[BlackTeamCountry "GER"]

1. d4 Nf6 2. c4 e6 3. Nc3 Bb4 4. a3 Bxc3+ 5. bxc3 0-0 6. e3 b6 7. Bd3 Ba6 8. Nf3 Nc6 9. 0-0 Na5 10. Nd2 Rc8 11. e4 c5 12. Qe2 cxd4 13. cxd4 d5 14. cxd5 Bxd3 15. Qxd3 exd5 16. e5 Ne4 17. Nxe4 dxe4 18. Qg3 Rc6 19. Be3 Qd5 20. Rac1 Nc4 21. Rfd1 Rfc8 22. Qg4 R8c7 23. Qe2 Nxe3 24. Rxc6 Rxc6 25. Qxe3 h6 26. f3 exf3 27. Qxf3 Qxf3 28. gxf3 Rc3 29. d5 Kf8 30. Kf2 Rxa3 31. Rc1 Ra5 32. Rc8+ Ke7 33. Rc7+ Ke8 34. f4 Rxd5 35. Rxa7 g5 36. Rb7 b5 37. Kf3 Rd3+ 38. Ke4 Rb3 39. fxg5 hxg5 40. Kf5 Rb2 41. Kxg5 Rxh2 42. Rxb5 Ke7 43. Rb6 Rf2 44. Ra6 Rf1 45. Rb6 Rf2 1/2-1/2

[Event "Ruhrgebiet Verbandsklasse Gruppe 3 1718"]
[Site "Germany"]
[Date "2018.04.29"]
[Round "9.4"]
[White "Weinert, Christian"]
[Black "Wesener, Rainer"]
[Result "1-0"]
[WhiteElo "1973"]
[BlackElo "1697"]
[PlyCount "51"]
[EventDate "2017.09.17"]
[EventType "team-tourn"]
[EventRounds "9"]
[EventCountry "GER"]
[SourceTitle "EXT 2022"]
[Source "ChessBase"]
[SourceDate "2021.10.06"]
[SourceVersion "1"]
[SourceVersionDate "2021.10.06"]
[SourceQuality "1"]
[WhiteTeam "Mengede SG"]
[BlackTeam "Winz Baak SG"]
[WhiteTeamCountry "GER"]
[BlackTeamCountry "GER"]

1. c4 f5 2. g3 e6 3. Bg2 Nf6 4. e3 Be7 5. d3 0-0 6. Nf3 d6 7. b4 e5 8. 0-0 Qe8 9. Nc3 Qh5 10. Nd2 Qh6 11. Nb3 Bd8 12. c5 Na6 13. Na5 c6 14. Nc4 d5 15. Nxe5 g5 16. Rb1 Bc7 17. Nf3 f4 18. exf4 gxf4 19. Ne2 Nh5 20. Ned4 Qg7 21. Bb2 Qf7 22. Qd2 fxg3 23. fxg3 Qg6 24. Nh4 Qe8 25. Qg5+ Ng7 26. Ne6 1-0

[Event "Ruhrgebiet Verbandsklasse Gruppe 3 1617"]
[Site "Germany"]
[Date "2016.12.18"]
[Round "5.4"]
[White "Weinert, Christian"]
[Black "Pientka, Roman"]
[Result "1-0"]
[WhiteElo "1944"]
[BlackElo "1680"]
[PlyCount "69"]
[EventDate "2016.09.04"]
[EventType "team-tourn"]
[EventRounds "9"]
[EventCountry "GER"]
[SourceTitle "EXT 2022"]
[Source "ChessBase"]
[SourceDate "2021.10.06"]
[SourceVersion "1"]
[SourceVersionDate "2021.10.06"]
[SourceQuality "1"]
[WhiteTeam "Mengede SG"]
[BlackTeam "Recklinghausen Laeufer Ost"]
[WhiteTeamCountry "GER"]
[BlackTeamCountry "GER"]

1. d4 d5 2. Bf4 Nf6 3. e3 e6 4. Nf3 Bd6 5. Ne5 0-0 6. Nd2 c5 7. c3 Qc7 8. Bd3 c4 9. Bc2 Nc6 10. Nxc6 Qxc6 11. 0-0 Bd7 12. Qf3 Bxf4 13. Qxf4 Rac8 14. Qh4 h6 15. f3 Qb6 16. Rab1 Qd8 17. e4 Nh7 18. Qf2 f5 19. e5 f4 20. Rfc1 Rc7 21. b3 cxb3 22. axb3 Kh8 23. c4 b6 24. Bd3 Qc8 25. Rb2 Qb7 26. Rbc2 g5 27. b4 b5 28. c5 Ra8 29. Ra1 Bc6 30. Nb3 Qc8 31. Rca2 Nf8 32. Qe2 a6 33. Na5 Nd7 34. Nxc6 Rxc6 35. Bxb5 1-0

[Event "Ruhrgebiet Verbandsklasse Gruppe 1 1415"]
[Site "Germany"]
[Date "2014.11.16"]
[Round "3.2"]
[White "Achenbach, Manfred"]
[Black "Weinert, Christian"]
[Result "1/2-1/2"]
[WhiteElo "2001"]
[BlackElo "1945"]
[PlyCount "119"]
[EventDate "2014.09.21"]
[EventType "team-tourn"]
[EventRounds "9"]
[EventCountry "GER"]
[SourceTitle "EXT 2022"]
[Source "ChessBase"]
[SourceDate "2021.10.06"]
[SourceVersion "1"]
[SourceVersionDate "2021.10.06"]
[SourceQuality "1"]
[WhiteTeam "Muelheim SC"]
[BlackTeam "Mengede SG"]
[WhiteTeamCountry "GER"]
[BlackTeamCountry "GER"]

1. Nf3 Nf6 2. c4 e6 3. g3 c6 4. Bg2 d5 5. b3 Nbd7 6. Bb2 b5 7. cxb5 cxb5 8. 0-0 Bb7 9. d3 Rc8 10. Nbd2 Bb4 11. Rc1 0-0 12. Rxc8 Qxc8 13. Qa1 Qa8 14. a3 Be7 15. Nd4 a6 16. Rc1 Rc8 17. b4 Nb6 18. N4b3 Na4 19. Bd4 Ne8 20. Na5 Bf6 21. Ndb3 Rxc1+ 22. Qxc1 Qc8 23. Qf4 Ba8 24. h4 Qc7 25. Qxc7 Nxc7 26. Bxf6 gxf6 27. Nd4 Kf8 28. Kf1 f5 29. Ke1 f6 30. Kd2 Ke7 31. Bh3 Kd6 32. Nab3 Bc6 33. f3 Ba8 34. Bg2 Bc6 35. e4 fxe4 36. fxe4 dxe4 37. Nxc6 Kxc6 38. Bxe4+ Kd6 39. Bxh7 f5 40. d4 Nb2 41. Nc5 Nc4+ 42. Kc3 Nxa3 43. Kb3 Nc4 44. h5 Ne3 45. h6 Ng4 46. Bxf5 Nxh6 47. Bh3 Nf5 48. Bg2 Nxg3 49. Bf3 Nf5 50. Nb7+ Ke7 51. Kc3 Ne3 52. Nc5 Ned5+ 53. Kb3 Kf6 54. Bxd5 exd5 55. Kc3 Kf5 56. Kd3 Kf4 57. Nd7 Kf3 58. Nc5 Kf2 59. Kd2 Kf3 60. Kd3 1/2-1/2

[Event "NRW Verbandsklasse Group2 1314"]
[Site "Nordrheinwestfalen"]
[Date "2013.12.15"]
[Round "5.3"]
[White "Kiryk, Ralf"]
[Black "Weinert, Christian"]
[Result "0-1"]
[WhiteElo "1914"]
[BlackElo "1947"]
[PlyCount "92"]
[EventDate "2013.09.08"]
[EventType "team-tourn"]
[EventRounds "9"]
[EventCountry "GER"]
[SourceTitle "EXT 2020"]
[Source "ChessBase"]
[SourceDate "2019.10.17"]
[SourceVersion "1"]
[SourceVersionDate "2019.10.17"]
[SourceQuality "1"]
[WhiteTeam "Horst Emscher II"]
[BlackTeam "Mengede SG"]
[WhiteTeamCountry "GER"]
[BlackTeamCountry "GER"]

1. d4 Nf6 2. Bg5 Ne4 3. Bf4 d5 4. Nd2 Bf5 5. Nxe4 Bxe4 6. e3 e6 7. Nf3 Nd7 8. Be2 Bd6 9. Bxd6 cxd6 10. c3 0-0 11. 0-0 h6 12. Bd3 Rc8 13. Bxe4 dxe4 14. Nd2 d5 15. f3 f5 16. Qe2 Qb6 17. Rab1 Qa5 18. Ra1 Qa4 19. Rf2 Qc6 20. Raf1 a5 21. fxe4 fxe4 22. Nb1 b5 23. Rxf8+ Rxf8 24. Rxf8+ Nxf8 25. Na3 b4 26. Qb5 Qxb5 27. Nxb5 bxc3 28. Nxc3 Nd7 29. Na4 Kf7 30. a3 e5 31. Kf2 exd4 32. exd4 Nb8 33. Ke3 Nc6 34. Nc5 Ne7 35. g4 Nc6 36. Na6 Ke7 37. b4 axb4 38. Nxb4 Nxb4 39. axb4 Kd6 40. h4 g5 41. hxg5 hxg5 42. Kd2 Kc6 43. Kc2 Kb5 44. Kc3 e3 45. Kd3 Kxb4 46. Kxe3 Kc3 0-1

[Event "NRW Verbandsklasse Group2 1314"]
[Site "Nordrheinwestfalen"]
[Date "2013.11.24"]
[Round "4.3"]
[White "Weinert, Christian"]
[Black "Marx, Patrick"]
[Result "1/2-1/2"]
[WhiteElo "1947"]
[BlackElo "1800"]
[PlyCount "67"]
[EventDate "2013.09.08"]
[EventType "team-tourn"]
[EventRounds "9"]
[EventCountry "GER"]
[SourceTitle "EXT 2020"]
[Source "ChessBase"]
[SourceDate "2019.10.17"]
[SourceVersion "1"]
[SourceVersionDate "2019.10.17"]
[SourceQuality "1"]
[WhiteTeam "Mengede SG"]
[BlackTeam "Welper SV II"]
[WhiteTeamCountry "GER"]
[BlackTeamCountry "GER"]

1. d4 d5 2. c4 c6 3. Nc3 Nf6 4. Nf3 e6 5. e3 Nbd7 6. Bd3 dxc4 7. Bxc4 b5 8. Be2 Bb7 9. 0-0 a6 10. a3 c5 11. dxc5 Bxc5 12. b4 Be7 13. Bb2 0-0 14. Nd2 Nb6 15. Nb3 Rc8 16. Rc1 Nfd5 17. Nxd5 Bxd5 18. Nc5 Bxc5 19. bxc5 Nc4 20. Bxc4 Bxc4 21. Qg4 g6 22. Rfd1 Qc7 23. Qg5 f6 24. Qh4 Qe7 25. Rd6 Rxc5 26. Rxa6 Rd5 27. Bd4 e5 28. Ra7 Rd7 29. Bc5 Rfd8 30. Qg4 Qf7 31. Rxd7 Qxd7 32. Qxd7 Rxd7 33. Bb4 Kf7 34. h3 1/2-1/2

[Event "NRW Verbandsklasse Group2 1314"]
[Site "Nordrheinwestfalen"]
[Date "2013.11.03"]
[Round "3.2"]
[White "Weinert, Christian"]
[Black "Gregoritsch, Dirk"]
[Result "1/2-1/2"]
[WhiteElo "1947"]
[BlackElo "1854"]
[PlyCount "53"]
[EventDate "2013.09.08"]
[EventType "team-tourn"]
[EventRounds "9"]
[EventCountry "GER"]
[SourceTitle "EXT 2020"]
[Source "ChessBase"]
[SourceDate "2019.10.17"]
[SourceVersion "1"]
[SourceVersionDate "2019.10.17"]
[SourceQuality "1"]
[WhiteTeam "Mengede SG"]
[BlackTeam "Doppelbauer Brambauer II"]
[WhiteTeamCountry "GER"]
[BlackTeamCountry "GER"]

1. Nf3 d5 2. d4 Nf6 3. g3 e6 4. Bg2 Be7 5. 0-0 0-0 6. c4 c6 7. Qc2 Nbd7 8. Nbd2 h6 9. Re1 Re8 10. e4 dxe4 11. Nxe4 Nxe4 12. Rxe4 Nf6 13. Re2 c5 14. Be3 Ng4 15. d5 Nxe3 16. Rxe3 exd5 17. cxd5 Bd6 18. Rxe8+ Qxe8 19. Re1 Qd8 20. Ne5 Qc7 21. Qe4 Bd7 22. Nxd7 Qxd7 23. Bf1 g6 24. h4 h5 25. Re3 b5 26. Be2 c4 27. Bf1 1/2-1/2

[Event "NRW Verbandsklasse Group2 1314"]
[Site "Nordrheinwestfalen"]
[Date "2013.10.13"]
[Round "2.3"]
[White "Weinert, Christian"]
[Black "Panofen, Ingo"]
[Result "1-0"]
[WhiteElo "1947"]
[BlackElo "1906"]
[PlyCount "61"]
[EventDate "2013.09.08"]
[EventType "team-tourn"]
[EventRounds "9"]
[EventCountry "GER"]
[SourceTitle "EXT 2020"]
[Source "ChessBase"]
[SourceDate "2019.10.17"]
[SourceVersion "1"]
[SourceVersionDate "2019.10.17"]
[SourceQuality "1"]
[WhiteTeam "Mengede SG"]
[BlackTeam "Castrop Rauxel II"]
[WhiteTeamCountry "GER"]
[BlackTeamCountry "GER"]

1. d4 Nf6 2. Nf3 d5 3. c4 e6 4. g3 c6 5. Qc2 Nbd7 6. Bg2 Bd6 7. Nbd2 0-0 8. 0-0 Qe7 9. Re1 b5 10. e4 dxe4 11. Ng5 bxc4 12. Qxc4 c5 13. Ndxe4 Nb6 14. Qc2 Nxe4 15. Bxe4 h6 16. Bxa8 hxg5 17. Bg2 cxd4 18. Qd1 Bb4 19. Re4 e5 20. f4 gxf4 21. Bxf4 f6 22. Bd2 Bxd2 23. Qxd2 Nc4 24. Qxd4 exd4 25. Rxe7 Nxb2 26. Rb1 Na4 27. Rb4 Nc3 28. Rxd4 a6 29. Rc4 Nb5 30. Bd5+ Kh8 31. Rh4# 1-0

[Event "Ruhrgebiet Verbandsliga2 1213"]
[Site "Nordrheinwestfalen"]
[Date "2013.02.03"]
[Round "6.4"]
[White "Ozerov, Ilja"]
[Black "Weinert, Christian"]
[Result "1-0"]
[WhiteElo "2046"]
[BlackElo "1919"]
[PlyCount "83"]
[EventDate "2012.09.02"]
[EventType "team-tourn"]
[EventRounds "9"]
[EventCountry "GER"]
[SourceTitle "EXT 2020"]
[Source "ChessBase"]
[SourceDate "2019.10.17"]
[SourceVersion "1"]
[SourceVersionDate "2019.10.17"]
[SourceQuality "1"]
[WhiteTeam "Muelheim Nord III"]
[BlackTeam "Mengede SG"]
[WhiteTeamCountry "GER"]
[BlackTeamCountry "GER"]

1. e4 c5 2. Nc3 g6 3. Nf3 Bg7 4. d4 cxd4 5. Nxd4 Nc6 6. Be3 Nf6 7. f3 0-0 8. Bc4 d6 9. Qd2 a6 10. 0-0-0 Nxd4 11. Bxd4 Qa5 12. Kb1 Rd8 13. g4 Be6 14. Bxe6 fxe6 15. h4 Rac8 16. h5 Rc4 17. hxg6 hxg6 18. Qe3 Rb4 19. e5 dxe5 20. Bc5 Rdd4 21. Rxd4 Rxd4 22. Bxd4 exd4 23. Qxe6+ Kf8 24. Ne4 Qb5 25. Nxf6 Bxf6 26. Qb3 Qd7 27. Qd3 Kg7 28. Rg1 Bg5 29. Qe4 Be3 30. Rd1 Qc7 31. Rh1 e5 32. Qd5 Bf4 33. Qe6 b6 34. Qe8 Kf6 35. Qh8+ Qg7 36. Qd8+ Qe7 37. Qxb6+ Kg5 38. Qxa6 e4 39. Qb5+ Be5 40. fxe4 Kxg4 41. Qe2+ Kg5 42. Qf2 1-0

[Event "Ruhrgebiet VK2 1112"]
[Site "Nordrheinwestfalen"]
[Date "2012.02.12"]
[Round "6"]
[White "Uhlich, Wilfried"]
[Black "Weinert, Christian"]
[Result "0-1"]
[WhiteElo "1858"]
[BlackElo "1904"]
[PlyCount "60"]
[EventDate "2012.09.18"]
[EventType "team-tourn"]
[EventRounds "9"]
[EventCountry "GER"]
[SourceTitle "EXT 2020"]
[Source "ChessBase"]
[SourceDate "2019.10.17"]
[SourceVersion "1"]
[SourceVersionDate "2019.10.17"]
[SourceQuality "1"]
[WhiteTeam "Drewer SG"]
[BlackTeam "Mengede SG"]
[WhiteTeamCountry "GER"]
[BlackTeamCountry "GER"]

1. d4 Nf6 2. Bg5 h6 3. Bxf6 gxf6 4. e3 e5 5. Nf3 Nc6 6. d5 Nb8 7. Nc3 Bb4 8. Qd3 a6 9. 0-0-0 Bxc3 10. Qxc3 d6 11. Be2 Nd7 12. Nh4 Nc5 13. Bf3 a5 14. g3 Bd7 15. Bg2 b5 16. f4 b4 17. Qd2 Qb8 18. fxe5 fxe5 19. Qf2 b3 20. cxb3 f5 21. Nxf5 Rf8 22. Ng7+ Ke7 23. Qe2 a4 24. Rhf1 Nxb3+ 25. axb3 axb3 26. Qc4 Ra4 27. Qc3 Qb5 28. Rxf8 Rc4 29. Bf1 Rxc3+ 30. bxc3 Qa4 0-1

[Event "Ruhrgebiet VK2 1112"]
[Site "Nordrheinwestfalen"]
[Date "2011.11.13"]
[Round "3"]
[White "Offele, Holger"]
[Black "Weinert, Christian"]
[Result "0-1"]
[WhiteElo "1903"]
[BlackElo "1904"]
[PlyCount "90"]
[EventDate "2012.09.18"]
[EventType "team-tourn"]
[EventRounds "9"]
[EventCountry "GER"]
[SourceTitle "EXT 2020"]
[Source "ChessBase"]
[SourceDate "2019.10.17"]
[SourceVersion "1"]
[SourceVersionDate "2019.10.17"]
[SourceQuality "1"]
[WhiteTeam "Ahlen SV II"]
[BlackTeam "Mengede SG"]
[WhiteTeamCountry "GER"]
[BlackTeamCountry "GER"]

1. d4 Nf6 2. c4 e6 3. Nc3 Bb4 4. Nf3 0-0 5. e3 Bxc3+ 6. bxc3 b6 7. Bd3 Bb7 8. 0-0 d6 9. Re1 Nbd7 10. e4 e5 11. Nd2 c5 12. d5 Ne8 13. Nf1 g6 14. g4 Ng7 15. Ng3 Qh4 16. Kg2 Rae8 17. h3 Bc8 18. Bd2 f6 19. Qc1 g5 20. f3 Rf7 21. Rh1 Nf8 22. Be1 Qh6 23. h4 Ng6 24. hxg5 Nf4+ 25. Kg1 Qxg5 26. Qc2 h5 27. Kf2 hxg4 28. Bd2 gxf3 29. Rag1 Bg4 30. Bf1 Kf8 31. Be3 Qg6 32. Qa4 f5 33. exf5 Rxf5 34. Nxf5 Qxf5 35. Rh8+ Kf7 36. Qxa7+ Kf6 37. Rxe8 Nxe8 38. Qa4 Ng7 39. Qd1 Qh5 40. Rxg4 Qxg4 41. Qxf3 Qh4+ 42. Kg1 Qg5+ 43. Kf2 Nf5 44. Ke1 Nxe3 45. Qxe3 Ng2+ 0-1

[Event "Ruhrgebiet Verbandsliga2 1011"]
[Site "Nordrheinwestfalen"]
[Date "2011.03.20"]
[Round "8.4"]
[White "Weinert, Christian"]
[Black "Wolf, Ulrich"]
[Result "1/2-1/2"]
[WhiteElo "1905"]
[BlackElo "2037"]
[PlyCount "44"]
[EventDate "2010.09.12"]
[EventType "team-tourn"]
[EventRounds "9"]
[EventCountry "GER"]
[SourceTitle "EXT 2020"]
[Source "ChessBase"]
[SourceDate "2019.10.17"]
[SourceVersion "1"]
[SourceVersionDate "2019.10.17"]
[SourceQuality "1"]
[WhiteTeam "Mengede SG"]
[BlackTeam "Wattenscheid SV IV"]
[WhiteTeamCountry "GER"]
[BlackTeamCountry "GER"]

1. e4 c5 2. Nc3 Nc6 3. Bb5 Nd4 4. Bc4 e6 5. Nf3 a6 6. a4 g6 7. Nxd4 cxd4 8. Ne2 Qc7 9. d3 Bg7 10. Bf4 d6 11. 0-0 Bd7 12. Bg3 Rc8 13. Bb3 Ne7 14. f4 Nc6 15. f5 exf5 16. Nf4 Ne7 17. Bh4 Bc6 18. Bxe7 Qxe7 19. exf5 0-0 20. fxg6 hxg6 21. Qg4 Kh7 22. Rae1 Be5 1/2-1/2

[Event "Ruhrgebiet VK1 0910"]
[Site "Ruhrgebiet"]
[Date "2009.09.27"]
[Round "2.4"]
[White "Limbourg, Philipp"]
[Black "Weinert, Christian"]
[Result "1-0"]
[WhiteElo "2228"]
[BlackElo "1989"]
[PlyCount "93"]
[EventDate "2009.09.06"]
[EventType "team"]
[EventRounds "9"]
[EventCountry "GER"]
[SourceTitle "EXT 2011"]
[Source "ChessBase"]
[SourceDate "2010.11.26"]
[SourceVersion "1"]
[SourceVersionDate "2010.11.26"]
[SourceQuality "1"]
[WhiteTeam "Muelheim Nord III"]
[BlackTeam "Mengede SG"]
[WhiteTeamCountry "GER"]
[BlackTeamCountry "GER"]

1. e4 e5 2. Nf3 Nc6 3. d4 exd4 4. Nxd4 Nf6 5. Nxc6 bxc6 6. Nc3 d5 7. exd5 cxd5 8. Bb5+ Bd7 9. Bxd7+ Qxd7 10. Bg5 Qe6+ 11. Qe2 Bb4 12. Bxf6 gxf6 13. 0-0 Bxc3 14. Qb5+ c6 15. Qb7 0-0 16. bxc3 Rfe8 17. Rab1 Rad8 18. Qc7 Rd7 19. Qg3+ Kh8 20. Rb8 Rde7 21. Rxe8+ Rxe8 22. Qc7 Re7 23. Qb8+ Kg7 24. Qg3+ Kh8 25. h4 Qe5 26. Qf3 Rb7 27. c4 Rb4 28. cxd5 cxd5 29. g3 Kg7 30. Rd1 Qe4 31. Qh5 d4 32. Qc5 Ra4 33. h5 Rxa2 34. h6+ Kxh6 35. Qf8+ Kg6 36. Qg8+ Kh6 37. Qxf7 Rxc2 38. Qxf6+ Qg6 39. Qxd4 Qf5 40. Qh4+ Kg6 41. Qd4 Rc5 42. Qd6+ Kf7 43. Re1 Rc8 44. Qe7+ Kg8 45. Re5 Qg6 46. Rg5 Rc7 47. Rxg6+ 1-0

[Event "Ruhrgebiet VK1 0910"]
[Site "Ruhrgebiet"]
[Date "2009.09.06"]
[Round "1.4"]
[White "Hermann, Thomas"]
[Black "Weinert, Christian"]
[Result "1-0"]
[WhiteElo "2023"]
[BlackElo "1989"]
[PlyCount "127"]
[EventDate "2009.09.06"]
[EventType "team"]
[EventRounds "9"]
[EventCountry "GER"]
[SourceTitle "EXT 2011"]
[Source "ChessBase"]
[SourceDate "2010.11.26"]
[SourceVersion "1"]
[SourceVersionDate "2010.11.26"]
[SourceQuality "1"]
[WhiteTeam "Hervest Dorsten"]
[BlackTeam "Mengede SG"]
[WhiteTeamCountry "GER"]
[BlackTeamCountry "GER"]

1. b3 c5 2. Bb2 Nc6 3. e3 e6 4. Nf3 Nf6 5. c4 d5 6. cxd5 exd5 7. d4 cxd4 8. Nxd4 Bb4+ 9. Bc3 Qa5 10. Qd2 Bxc3 11. Nxc3 0-0 12. Be2 Bd7 13. Nxc6 bxc6 14. Bf3 Rab8 15. Na4 Qc7 16. Rc1 Qd6 17. 0-0 Bg4 18. Qe2 Bxf3 19. Qxf3 Ne4 20. Rfd1 Rfe8 21. Nc3 Rb4 22. Ne2 h6 23. Nd4 Rb6 24. Nf5 Qf6 25. Rd4 Re5 26. Ng3 Qxf3 27. gxf3 Nxg3 28. hxg3 Kf8 29. Rc5 Re7 30. Ra4 a6 31. Kf1 Ke8 32. Ke2 Kd8 33. Kd3 Kc7 34. Kc3 Rb5 35. Rxb5 axb5 36. Ra7+ Kd8 37. Rxe7 Kxe7 38. Kd4 Kd6 39. b4 h5 40. f4 g6 41. f3 f6 42. Kd3 c5 43. bxc5+ Kxc5 44. Ke2 Kc4 45. g4 hxg4 46. fxg4 f5 47. gxf5 gxf5 48. Kd2 Kb4 49. Kd3 Ka3 50. Kd4 b4 51. Kc5 Ka4 52. Kxd5 Ka3 53. Kc4 Ka4 54. e4 fxe4 55. f5 e3 56. Kd3 Ka3 57. f6 Kxa2 58. f7 b3 59. f8Q b2 60. Kc3 e2 61. Qa8+ Kb1 62. Qh1+ Ka2 63. Kc2 Ka3 64. Kb1 1-0